000 00465nam a2200169Ia 4500
008 230718s9999 xx 000 0 und d
020 _a9789389109146
041 _aeng
082 _a658.4'2
_bDAL
100 _aDalal M.
_9201873
245 _aBig Billion Startup
_bThe Untold Flipkart Story
260 _c2019
_bMacmillan
300 _a310
365 _cRs.
_b699.00
700 _aDalal M.
_9201873
906 _dO:0681120-Dec-2019B:555002-Dec-2019
_cGENRL
_b174.75
999 _c350712
_d350712